O univerzálnych číslicových modeloch riadiacich systémov a možnostiach ich použitia

Guardado en:
Detalles Bibliográficos
Autor principal: Hrivňák, Juraj (Autor)
Formato: Manuscrito Libro
Lenguaje:eslovaco
Publicado: Bratislava : SVŠT v Bratislave EF, 1986
Materias:
Etiquetas: Agregar Etiqueta
Sin Etiquetas, Sea el primero en etiquetar este registro!

MARC

LEADER 00000ntm a22000003a 4500
001 stu93641
005 20241106111003.9
008 050422s1986------------------------slo-d
040 |a STU  |b slo 
041 0 |a slo 
080 |a 681.51 
100 1 |a Hrivňák, Juraj  |4 aut 
245 1 |a O univerzálnych číslicových modeloch riadiacich systémov a možnostiach ich použitia 
260 |a Bratislava :  |b SVŠT v Bratislave EF,  |c 1986 
300 |a 141 s 
650 7 |a technická kybernetika  |2 stusub 
650 7 |a automatické riadiace systémy  |2 stusub 
996 |b 284ED01070  |c E*DDIZ-884  |l EE01  |s A  |a 24  |w stu93641_0001